Judgment and decision making : (Record no. 9247)

MARC details
000 -LEADER
fixed length control field 01245nac a22003131u 4500
010 ## - LIBRARY OF CONGRESS CONTROL NUMBER
LC control number 98051484
020 ## - INTERNATIONAL STANDARD BOOK NUMBER
International Standard Book Number 0521623553 (hardcover)
020 ## - INTERNATIONAL STANDARD BOOK NUMBER
International Standard Book Number 0521626021 (pbk.)
082 00 - DEWEY DECIMAL CLASSIFICATION NUMBER
Classification number 302.3
Item number JUD
090 ## - LOCALLY ASSIGNED LC-TYPE CALL NUMBER (OCLC); LOCAL CALL NUMBER (OCLC)
-- 9247
-- 9247
100 ## - MAIN ENTRY--PERSONAL NAME
Personal name 20080729
245 00 - TITLE STATEMENT
Title Judgment and decision making :
Remainder of title an interdisciplinary reader /
Statement of responsibility, etc edited by Terry Connolly, Hal R. Arkes, Kenneth R. Hammond.
250 ## - EDITION STATEMENT
Edition statement 2nd ed.
260 ## - PUBLICATION, DISTRIBUTION, ETC. (IMPRINT)
Place of publication, distribution, etc Cambridge, U.K. ;
-- New York :
Name of publisher, distributor, etc Cambridge University Press,2000
Date of publication, distribution, etc 2000.
300 ## - PHYSICAL DESCRIPTION
Extent xviii, 786 p. ;
Dimensions 23 cm.
440 #0 -
-- Cambridge series on judgment and decision making
500 ## - GENERAL NOTE
General note distributer: Al-Ahram
504 ## - BIBLIOGRAPHY, ETC. NOTE
Bibliography, etc Includes bibliographical references and indexes.
511 ## - PARTICIPANT OR PERFORMER NOTE
Participant or performer note catalogued by: wessam
650 #0 - SUBJECT ADDED ENTRY--TOPICAL TERM
Topical term or geographic name as entry element Decision making.
650 #0 - SUBJECT ADDED ENTRY--TOPICAL TERM
Topical term or geographic name as entry element Judgment.
700 1# - ADDED ENTRY--PERSONAL NAME
Personal name Connolly, Terry.
700 1# - ADDED ENTRY--PERSONAL NAME
Personal name Arkes, Hal R.,
Dates associated with a name 1945-
700 1# - ADDED ENTRY--PERSONAL NAME
Personal name Hammond, Kenneth R.
856 41 - ELECTRONIC LOCATION AND ACCESS
Materials specified Sample text
Uniform Resource Identifier <a href="http://www.loc.gov/catdir/samples/cam032/98051484.html">http://www.loc.gov/catdir/samples/cam032/98051484.html</a>
856 41 - ELECTRONIC LOCATION AND ACCESS
Materials specified Publisher description
Uniform Resource Identifier <a href="http://www.loc.gov/catdir/description/cam029/98051484.html">http://www.loc.gov/catdir/description/cam029/98051484.html</a>
856 41 - ELECTRONIC LOCATION AND ACCESS
Materials specified Table of contents
Uniform Resource Identifier <a href="http://www.loc.gov/catdir/toc/cam026/98051484.html">http://www.loc.gov/catdir/toc/cam026/98051484.html</a>
942 ## - ADDED ENTRY ELEMENTS (KOHA)
Item type Book - Borrowing
Call number prefix 302.3JUD
Holdings
Withdrawn status Item status Damaged status Not for loan Home library Current library Shelving location Date acquired Source of acquisition Total Checkouts Full call number Barcode Date last seen Date last borrowed Koha item type
        Central Library Central Library First floor 23/04/2008 Purchase 1 302.3JUD 000011042 15/07/2025 12/12/2013 Book - Borrowing